• 首页
  • 本馆介绍
  • 公告通知
  • 最新文献
  • 馆藏检索
  • 电子资源
  • 读者导购
  • 参考咨询
  • 我的图书馆
  • 登录
  • 详细信息显示
  • 放入我的书架
  • 预约/预借图书
  • 作者相关作品
  • 分类相关作品
  • 丛书相关作品
  • 出版社相关作品

书目信息

  • 表格格式
  • 工作单格式
  • 卡片格式
题名:
《列宁选集》历史词目解释
    
 
作者: ;旅大市《列宁选集》历史词目解释编写组 编
分册:  
出版信息: 北京   商务印书馆  1981
页数: 714页
开本: 19cm
丛书名:
单 册:
中图分类: A821.1 , A82
科图分类:
主题词: 列宁著作-词汇--解释 , 列宁著作--学习 , 列宁著作研究
电子资源:
ISBN:
000 00854nam0 2200277 450
001 0960391609
005 20090928164954.67
010    @dCNY2.10
091    @a11017.509
100    @a19950320d1981 em y0chiy0110 ea
101 0  @achi
102    @aCN@b110000
105    @ay z 000yy
106    @ar
200 1  @a《列宁选集》历史词目解释@A《 lie ning xuan ji》 li shi ci mu jie shi@e征求意见本@f旅大市《列宁选集<历史词目解释>》编写组编写
210    @a北京@c商务印书馆@d1981
215    @a714页@d19cm
606 0  @a列宁著作-词汇@x解释
606 0  @a列宁著作@x学习
606 0  @a列宁著作研究
690    @aA821.1@v3
690    @aA82@v4
711 02 @a旅大市《列宁选集》历史词目解释编写组@Alu da shi《 lie ning xuan ji》 li shi ci mu jie shi bian xie zu@4编
801  0 @aCN@b上海图书馆
801  2 @aCN@bNLC
905    @a10447@dA82@eJY19
    
    《列宁选集》历史词目解释:征求意见本/旅大市《列宁选集<历史词目解释>》编写组编写 .-北京:商务印书馆,1981
    714页;19cm
    
    
    ISBN :CNY2.10
    
●
相关链接 在E读中查询图书 在五车中查询图书 在当当中查询图书 在豆瓣中查询图书


正题名:《列宁选集》历史词目解释     索取号:A82/JY19         预约/预借

序号 登录号 条形码 馆藏地/架位号 状态 备注
1 7804936   278049363   学院路分馆/ [索取号:A82/JY19] 在馆    
2 7804937   278049372   学院路分馆/ [索取号:A82/JY19] 在馆    
唐山师范学院图书馆 欢迎您!
大连网信软件有限公司© 版权所有